000 00532nam a2200217Ia 4500
003 OSt
005 20220924152226.0
006 a|||||r|||| 00| 0
007 ta
008 220923b |||||||| |||| 00| 0 mar d
024 _a341635
037 _cTextual
040 _aARTS
_cARTS
_bmar
041 _2mar
_amar
082 _aO155,3NPE,1, L2
100 _aPendekar A.N.
_9226197
245 0 _aShailuk
260 _c1972
942 _hO155,3NPE,1, L2
_cTEXL
_2CC
999 _c469188
_d469188